Optimización en el cumplimiento de obligaciones fiscales de un grupo de sociedades mercantiles dedicadas al préstamo prendario a través de una sociedad civil prestadora de servicios /

Gorde:
Xehetasun bibliografikoak
Egile nagusia: Aramburo Vázquez, José Trinidad (autor)
Formatua: Tesis Liburua
Hizkuntza:gaztelania
Gaiak:
Etiketak: Etiketa erantsi
Etiketarik gabe, Izan zaitez lehena erregistro honi etiketa jartzen!

MARC

LEADER 00000nam^a2200000^a^4500
001 000184899
005 20250521000000.0
009 20260310102133.733
037 |a Acervo ITESO - Biblioteca 
041 |a ESP 
090 |a CPU. 318 
100 |a Aramburo Vázquez, José Trinidad  |e (autor) 
245 1 0 |a Optimización en el cumplimiento de obligaciones fiscales de un grupo de sociedades mercantiles dedicadas al préstamo prendario a través de una sociedad civil prestadora de servicios /  |c J.T. Aramburo Vázquez. 
264 |a Guadalajara, México :  |b edición de autor,  |c 2005 
300 |a 1 disco compacto de computadora 
336 |a datos para computadora  |b cod  |2 rdacontenido 
337 |a computadora  |b c  |2 rdamedio 
338 |a disco de computadora  |b cd  |2 rdasoporte 
502 |a ITESO Reporte Profesional de Licenciatura en Contaduría Pública 
649 |a XX 
650 |a Contadores y Auditores -  |x Prácticas Profesionales 
650 |a Asociaciones Civiles -  |z México -  |x Contabilidad 
650 |a Sociedades Anónimas -  |z México -  |x Contabilidad 
650 |a Sociedades Mercantiles -  |z México -  |x Contabilidad 
650 |a Inversiones -  |z México 
650 |a Planeación Estratégica -  |z México 
650 |a Seguridad Social -  |z México -  |x Aspectos Económicos 
650 |a Administración Financiera -  |z México 
650 |a Derecho Fiscal -  |z México 
650 |a Derecho Financiero -  |z México 
650 |a Derecho Público -  |z México 
650 |a Contabilidad Financiera -  |z México 
650 |a Contabilidad Fiscal -  |z México 
650 |a Contabilidad -  |x Prácticas Profesionales -  |x Informes 
650 |a Ciencias Administrativas 
910 |a Fondo General 
920 |a Electrónicos - Tesis del ITESO en Disco 
905 |a 202 
901 |a 0500126199  |b IT2  |c STS  |u 20250521 
902 |a https://opac.biblio.iteso.mx/vufind/Record/000184899